The sorrows of young werther; Elective affinities; Italian journey; Faust; Novella; Selected poems and Letters

Bewaard in:
Bibliografische gegevens
Hoofdauteur: Johann Wolfgang von Goethe
Formaat: Boek
Taal:Undetermined
Gepubliceerd in: London Everyman's Library 1999
Onderwerpen:
Tags: Voeg label toe
Geen labels, Wees de eerste die dit record labelt!
Thư viện lưu trữ: Trung tâm Học liệu Trường Đại học Cần Thơ
LEADER 00597nam a2200181Ia 4500
001 CTU_40092
008 210402s9999 xx 000 0 und d
082 |a 833.6 
082 |b G599 
100 |a Johann Wolfgang von Goethe 
245 4 |a The sorrows of young werther; Elective affinities; Italian journey; Faust; Novella; Selected poems and Letters 
245 0 |c Johann Wolfgang von Goethe 
260 |a London 
260 |b Everyman's Library 
260 |c 1999 
650 |a german literature - 18th century 
904 |i Minh, 001222 
980 |a Trung tâm Học liệu Trường Đại học Cần Thơ